| 000 | 00897cab a2200253 4500 | ||
|---|---|---|---|
| 001 | E90006 | ||
| 008 | 090401t1998 xxu||||| |||| 00| 0 eng d | ||
| 035 | _a(Sirsi) u84457 | ||
| 041 | _aeng | ||
| 245 | _aT & I Consultants Ltd v Cullion | ||
| 260 | _c1998 | ||
| 350 | _a0 | ||
| 490 |
_aGreens Housing Law Reports _v1998 HousLR 9-10(2) |
||
| 520 | _aLands Tribunal for Scotland. 2 June 1997. Heritable property - land obligation - discharge proposal to develop land - discharge sought as impeding some reasonable use of land - objections from neighbouring proprietor. | ||
| 650 | _aCONVEYANCING AND FEUDAL REFORM (SCOTLAND) ACT 1970 | ||
| 650 | _aHERITABLE PROPERTY | ||
| 650 | _aLAND OBLIGATIONS | ||
| 650 | _aLANDS TRIBUNAL FOR SCOTLAND | ||
| 650 | _aLTS | ||
| 650 | _aRESTRICTIVE COVENANTS | ||
| 690 | _aPROPERTY LAW AND PRACTICE-CASE LAW | ||
| 942 | _n0 | ||
| 948 | _c24/02/1998 | ||
| 999 |
_c53074 _d53074 |
||